000 00711nam a2200253Ia 4500
003 OSt
005 20220928122303.0
006 a|||||r|||| 00| 0
007 ta
008 220927b |||||||| |||| 00| 0 eng d
024 _a68592
037 _cTextual
040 _aSDCL
_cSDCL
_beng
041 _2eng
_aeng
082 _aO-,!M40:g, P4
100 _aMallett Phillip Ed.
_9457213
245 0 _aPalgrave advances in Thomas Hardy studies
260 _aNew York
_b Palgrave Macmillan
_c2004
300 _axiv,314p
_ccm.
490 _aPalgrave advances
650 _aHardy Thomas-poetry-criticism
942 _hO-,!M40:g, P4
_cTEXL
_2CC
999 _c770716
_d770716